MOTIVATIONAL CAREER COUNSELLING AND COAC (Record no. 19778)

MARC details
000 -LEADER
fixed length control field 00359nam a2200133Ia 4500
008 - FIXED-LENGTH DATA ELEMENTS--GENERAL INFORMATION
fixed length control field 240624s9999 xx 000 0 und d
041 ## - LANGUAGE CODE
Language code of text/sound track or separate title eng
082 ## - DEWEY DECIMAL CLASSIFICATION NUMBER
Classification number 331.702 SHE
100 ## - MAIN ENTRY--PERSONAL NAME
Personal name SHEWARD STEVE
245 ## - TITLE STATEMENT
Title MOTIVATIONAL CAREER COUNSELLING AND COAC
260 ## - PUBLICATION, DISTRIBUTION, ETC.
Date of publication, distribution, etc. 2012
Place of publication, distribution, etc. London
Name of publisher, distributor, etc. Sage Publications
300 ## - PHYSICAL DESCRIPTION
Extent xiii, : 206 : p. : cm. ; 24
365 ## - TRADE PRICE
Currency code GBP
Price amount 30
Holdings
Withdrawn status Lost status Damaged status Not for loan Home library Current library Shelving location Date acquired Source of acquisition Cost, normal purchase price Full call number Barcode Date last seen Copy number Price effective from Koha item type
  Missing     IMTN IMTN Rack 9-A 09/27/2012 WBD 22.99 331.702 SHE 19778 06/24/2024 92.3 06/24/2024 Books
Designed & Maintained by: LRC IMT Nagpur Contact: lrc@imtnag.ac.in© 2024. All Rights Reserved.